Methods of soil analysis. Part 3, Chemical methods. (Record no. 7417)
[ view plain ]
| 000 -LEADER | |
|---|---|
| fixed length control field | 00608nam a22001937a 4500 |
| 003 - CONTROL NUMBER IDENTIFIER | |
| control field | OSt |
| 005 - DATE AND TIME OF LATEST TRANSACTION | |
| control field | 20211102173351.0 |
| 008 - FIXED-LENGTH DATA ELEMENTS--GENERAL INFORMATION | |
| fixed length control field | 211102b ||||| |||| 00| 0 eng d |
| 020 ## - INTERNATIONAL STANDARD BOOK NUMBER | |
| International Standard Book Number | 0891188258 |
| 040 ## - CATALOGING SOURCE | |
| Transcribing agency | DDC |
| 082 ## - DEWEY DECIMAL CLASSIFICATION NUMBER | |
| Classification number | 631.421 MET 1965. |
| 100 ## - MAIN ENTRY--PERSONAL NAME | |
| Personal name | Editorial committee, D.L. Sparks ... [et al.] |
| 9 (RLIN) | 15184 |
| 245 ## - TITLE STATEMENT | |
| Title | Methods of soil analysis. Part 3, Chemical methods. |
| 260 ## - PUBLICATION, DISTRIBUTION, ETC. (IMPRINT) | |
| Place of publication, distribution, etc. | Madison, Wis. ; |
| Name of publisher, distributor, etc. | Soil Science Society of America : |
| Date of publication, distribution, etc. | 1965 |
| 300 ## - PHYSICAL DESCRIPTION | |
| Extent | xxi, 1390 p. : |
| Other physical details | ill. ; |
| Dimensions | 24 cm. |
| 650 ## - SUBJECT ADDED ENTRY--TOPICAL TERM | |
| Topical term or geographic name as entry element | Soils -- Analysis |
| 9 (RLIN) | 15185 |
| 650 ## - SUBJECT ADDED ENTRY--TOPICAL TERM | |
| Topical term or geographic name as entry element | Soil physical chemistry |
| 9 (RLIN) | 12868 |
| 942 ## - ADDED ENTRY ELEMENTS (KOHA) | |
| Source of classification or shelving scheme | Dewey Decimal Classification |
| Koha item type | Book |
| Withdrawn status | Lost status | Source of classification or shelving scheme | Damaged status | Not for loan | Home library | Current library | Date acquired | Source of acquisition | Inventory number | Total Checkouts | Full call number | Barcode | Date last seen | Price effective from | Koha item type |
|---|---|---|---|---|---|---|---|---|---|---|---|---|---|---|---|
| Dewey Decimal Classification | MUST Main Library | MUST Main Library | 02/11/2021 | Purchase | 21/41560 | 631.421 MET 1965. | 2021-1576 | 02/11/2021 | 02/11/2021 | Book | |||||
| Dewey Decimal Classification | MUST Main Library | MUST Main Library | 02/11/2021 | Purchase | 21/41559 | 631.421 MET 1965. | 2021-1577 | 02/11/2021 | 02/11/2021 | Book |
